000 00733nam a22002531a 4500
999 _c6200
_d6200
001 6200
003 BD-JhCC
005 20200408134007.0
008 180116s1968 nyuac b 001 0 eng d
035 _a(BD-JhCC)6200
035 _a573624
040 _aBD-JhCC
_cLC
_dBD-JhCC
041 _aeng
050 0 0 _aVA55
_b.C3
082 0 4 _a359/.00973
_bCAR 1968
100 1 _aCarrison, Daniel J.
245 1 4 _aThe United States Navy /
_cDaniel J. Carrison.
260 _aNew York,
_bPraeger
_c[1968]
300 _ax, 262 p.
_billus., port.
_c22 cm.
490 0 _aPraeger library of U.S. Government departments and agencies, ;
_vno. 12
504 _aBibliography: p. 252-254.
650 _aNavy
_zUnited States.
942 _2ddc
_cBK
_04